000 00764nam a22002297a 4500
005 20240305165403.0
007 cr|||| ||||
008 130129e2011 bl |||||s|||| 00||0 por d
020 _a8522509409
035 _a6830
040 _avLex
090 _c3621
_d3621
100 1 0 _aOliveira, Fabiana Luci de
245 1 0 _aJustiça, profissionalismo e política
_bO STF e o controle da constitucionalidade das leis no Brasil
_h[Recurso electrónico]
256 _aServicio en línea
260 _aRio de Janeiro :
_bFGV - Direito Rio,
_c2011
300 _a1 Recurso electrónico
650 0 4 _aDerecho constitucional
_zBrasil
740 _avLex Libros (Servicio en línea)
856 _aAcceso restringido
_uhttp://www.vlex.com/source/6830
942 _cRAA
999 _c162006
_d162006